Statistics for History by Picture - J

Click here to take the quiz!

General Stats

  • This quiz has been taken 10,048 times
    (10,022 since last reset)
  • The average score is 11 of 15

Answer Stats

Answer % Correct
Jerusalem
96%
Jurassic
93%
Jester
93%
Joan of Arc
89%
Jukebox
86%
Empire of {Japan}
86%
Jack the Ripper
85%
Jade
82%
Jupiter
82%
John Paul II
82%
Thomas Jefferson
79%
Jolly Roger
63%
Judah
54%
Justinian
42%
Jainism
34%

Score Distribution

Percentile by Number Answered

Percent of People with Each Score

Your Score History

You have not taken this quiz since the last reset